| 000 | 00744nam a2200277Ia 4500 | ||
|---|---|---|---|
| 005 | 20250425160902.0 | ||
| 008 | 250425s9999 xx 000 0 und d | ||
| 020 | _a9684514921 | ||
| 041 | _aspa | ||
| 043 | _amx | ||
| 082 | _a621.31921 | ||
| 100 | _aHUBERT, CHARLES I. | ||
| 245 | 0 | _aCIRCUITOS ELECTRICOS CA/CC: ENFOQUE INTEGRADO | |
| 250 | _a1A ED. | ||
| 260 | _aMEXICO | ||
| 260 |
_aMéxico _bMCGRAW-HILL _c1985 |
||
| 300 | _a774 | ||
| 500 | _aTítulo Traducido: ELECTRIC CIRCUITS AC/DC: AN INTEGRATED APPROACH | ||
| 650 | _aANALISIS DE CIRCUITOS | ||
| 650 | _aANALISIS SENOIDAL | ||
| 650 | _aCIRCUITOS ELECTRICOS | ||
| 650 | _aTRANSFORMADORES | ||
| 700 |
_aTERESA RUEDA _etraductor |
||
| 942 | _c01 | ||
| 010 | _a7594 | ||
| 999 |
_c198158 _d198158 |
||